000 01152nam2a2200301 4500
001 RU\NLR\BIBL_A\012629375
005 20250806202105.0
035 _a(NLR Aleph) 012629375
090 _a67560
_c67560
100 _a20250806 rusy50
101 0 _arus
102 _aRU
135 _acrcn 024anaba
200 0 _a1944, № 20 (6546) (29 янв.)
210 _d1944
325 1 _aКопия доступна в электронной библиотеке РНБ
461 0 _1001RU\NLR\DIGIT\NP\000441
_12001#$aДагестанская правда$v1944, № 20 (6546) (29 янв.)
852 _aNLR
_jР7
856 0 _uhttps://vivaldi.nlr.ru/ap000066743/view
856 1 _uhttps://vivaldi.nlr.ru/ap000066743/cover
856 2 _uhttps://vivaldi.nlr.ru/ap000066743/text
901 _eГазеты
942 _cISSNP
945 _aРоссийская национальная библиотека
980 _aNB
980 _aBV
981 2 7 _a(27) Периодические издания
_b(27) Газеты